Alle 50 Bundesstaaten der USA - Statistiken

Allgemein
  • Dieses Quiz wurde 6.035 mal gespielt
  • Das Durchschnittsergebnis liegt bei 37 aus 50
Antworten auf der Karte
Die Antworten werden auf der Karte rot bzw. grün angezeigt, abhängig davon wie oft sie richtig erraten wurden.
 
Antwortstatistiken
Hauptstadt Beiname Bundesstaat % Korrekt
Juneau Last Frontier Alaska
94%
Albany Empire State New York
94%
Tallahassee Sunshine State Florida
93%
Austin Lone stara State Texas
93%
Sacramento Golden State Kalifornien
91%
Olympia Evergreen State Washington
91%
Honolulu Aloha State Hawaii
90%
Montgomery Cotton State Alabama
86%
Santa Fe Land of Enchantment New Mexico
83%
Bismarck Peace Garden State North Dakota
82%
Pierre Mount Rushmore State South Dakota
82%
Phoenix Grand Canyon State Arizona
81%
Columbus Buckeye State Ohio
81%
Carson City Silver State Nevada
80%
Raleigh Tar Heel State North Carolina
80%
Columbia Palmetto State South Carolina
79%
Jackson Magnolia State Mississippi
77%
Oklahoma City Sooner State Oklahoma
75%
Denver Centennial State Colorado
74%
Little Rock Natural State Arkansas
73%
Boise Gem State Idaho
73%
Indianapolis Hoosier State Indiana
73%
Salt Lake City Beehive City Utah
73%
Richmond Old Dominion Virginia
73%
Atlanta Peach State Georgia
72%
Springfield Land of Lincoln Illinois
72%
Frankfort Bluegrass State Kentucky
72%
Lansing Great Lakes State Michigan
72%
Topeka Sunflower State Kansas
71%
Augusta Pine Tree State Maine
71%
Trenton Garden State New Jersey
71%
Charleston Mountain State West Virginia
71%
Lincoln Cornhusker State Nebraska
68%
Cheyenne Equality State Wyoming
68%
Salem Beaver State Oregon
67%
Harrisburg Keystone State Pennsylvania
67%
Nashville Volunteer State Tennessee
67%
Baton Rouge Pelican State Louisiana
66%
Des Moines Hawkeye State Iowa
65%
Helena Treasure State Montana
65%
Saint Paul North Star State Minnesota
64%
Concord Granite State New Hampshire
64%
Dover The 1. State Delaware
62%
Annapolis Free State Maryland
62%
Boston Bay State Massachusetts
62%
Providence Ocean State Rhode Island
62%
Hartford Constitution State Connecticut
61%
Madison Badger State Wisconsin
61%
Jefferson City Show Me State Missouri
60%
Montpelier Green Mountain State Vermont
60%
Keine übereinstimmenden Quizze gefunden
Verteilung der Resultate
Anzahl Personen mit jedem Resultat
Perzentil nach korrekt beantworteten Fragen
Ihre Resultats-Entwicklung
Sie haben dieses Quiz noch nicht gespielt